LDR 00631naa#a2200169#i#450# 001 EN\INFRA-M\bibl\126052 005 20260703193046.5 011 ## _a2587-9111 100 ## _a20260617b2026####ek#y0engy0150####ca 102 ## _aRU 200 1# _aTransformation of Fiscal Conditions for Small Businesses Applying a Simplified Taxation System _eJournal article 210 1# _aMoscow _cINFRA-M Academic Publishing LLC. _d2026 215 ## _a5 с. 608 ## _aJournal article _2local 675 ## _aМетоды налогообложения и налоговая администрация. 336.225 _z 700 #1 _aAhmadeev _gRavil' Gabdullaevich 856 4# _azh-szf.ru _u